Evaluación preliminar de la planta potabilizadora de Los Sitios
Salvato in:
| Autore principale: | |
|---|---|
| Natura: | Sconosciuto |
| Pubblicazione: |
[San José, Costa Rica]
1981
|
| Soggetti: | |
| Tags: |
Aggiungi Tag
Nessun Tag, puoi essere il primo ad aggiungerne!!
|
MARC
| LEADER | 00000 a2200000 4500 | ||
|---|---|---|---|
| 003 | 001408 | ||
| 005 | 20221231143742.0 | ||
| 008 | 140114s1981 c a m 000 ||s d | ||
| 040 | |c cru CEDI | ||
| 090 | |a TFG 996 | ||
| 100 | |a Feoli Boraschi, Héctor L. |9 15911 | ||
| 245 | |a Evaluación preliminar de la planta potabilizadora de Los Sitios | ||
| 260 | |c 1981 |a [San José, Costa Rica] | ||
| 300 | |a cerca de 250 hojas : ilustraciones ; 27 cm | ||
| 500 | |a Proyecto de graduación (ingeniero civil)--Universidad de Costa Rica. Facultad de Ingeniería. Escuela de Ingeniería Civil | ||
| 650 | |x PLANTA DE LOS SITIOS, MORAVIA (SAN JOSE,COSTA RICA) |x PURIFICACION DEL AGUA |x AGUA POTABLE - SAN JOSE (COSTA RICA) |9 15912 | ||
| 942 | |c TFG | ||
| 999 | |c 11263 |d 11263 | ||
